| 000 | 00480nam a22001937a 4500 | ||
|---|---|---|---|
| 003 | MPLRDC | ||
| 005 | 20220104143420.0 | ||
| 008 | 210129b ||||| |||| 00| 0 eng d | ||
| 020 | _a957-32-3113-1 | ||
| 082 | _a848.2 LYa v.1 | ||
| 100 | _a罗叶著 | ||
| 245 |
_a记忆的伏流 _c |
||
| 250 | _a初版一刷 | ||
| 260 |
_a _b远流出版事业股份有限公司 _c1997 |
||
| 300 | _b平 | ||
| 490 | _a罗叶作品;2 | ||
| 650 | _a现代别集 | ||
| 942 |
_cBK _o848.2 LYa v.1 |
||
| 999 |
_c39673 _d39663 |
||